Major Cities in the Blue Banana - Statistics

General Stats
  • This quiz has been taken 111 times
  • The average score is 18 of 22
Answer Stats
Answer % Correct
London
99%
Amsterdam
96%
Brussels
94%
Rotterdam
94%
Manchester
92%
Milan
90%
Birmingham
89%
Liverpool
89%
Frankfurt
87%
Antwerp
84%
Zurich
83%
Munich
82%
Turin
81%
Leeds
80%
Cologne
76%
Dusseldorf
73%
Stuttgart
72%
Lille
69%
Sheffield
65%
Nottingham
62%
Nuremberg
53%
Mannheim
43%
No matching quizzes found
Score Distribution
Percent of People with Each Score
Percentile by Number Answered
Your Score History
You have not taken this quiz